[Event "FICGS class D 000228 email"]
[Site "FICGS email"]
[Date "2016.02.06"]
[Round "1"]
[White "Makosiej, Wladyslaw"]
[Black "Rodriguez Perez, Rene"]
[Result "0-1"]
[WhiteElo "1500"]
[BlackElo "1770"]
[PlyCount "32"]
[EventDate "2016.??.??"]
[EventType "tourn (corr)"]
[EventRounds "6"]
[SourceTitle "Corr 2022"]
[Source "ChessBase"]
[SourceDate "2021.10.24"]
[SourceVersion "1"]
[SourceVersionDate "2021.10.24"]
[SourceQuality "1"]

1. d4 d5 2. c4 e6 3. Nc3 Nf6 4. cxd5 exd5 5. Bg5 c6 6. Qc2 Be7 7. e3 Nbd7 8. Bd3 Nf8 9. Nge2 Ne6 10. Bh4 g6 11. f3 0-0 12. 0-0 b6 13. f4 Ng7 14. Ng3 Ng4 15. Bxe7 Qxe7 16. e4 Qh4 0-1

[Event "FICGS class D 000228 email"]
[Site "FICGS email"]
[Date "2016.02.06"]
[Round "1"]
[White "Ramos, Francisco Miguel R"]
[Black "Makosiej, Wladyslaw"]
[Result "1-0"]
[WhiteElo "1538"]
[BlackElo "1500"]
[PlyCount "35"]
[EventDate "2016.??.??"]
[EventType "tourn (corr)"]
[EventRounds "6"]
[SourceTitle "Corr 2022"]
[Source "ChessBase"]
[SourceDate "2021.10.24"]
[SourceVersion "1"]
[SourceVersionDate "2021.10.24"]
[SourceQuality "1"]

1. e4 g6 2. d4 Bg7 3. Nf3 c5 4. c3 Qa5 5. dxc5 Qxc5 6. Bd3 d6 7. 0-0 Nf6 8. Re1 0-0 9. Nbd2 b6 10. Nb3 Qc7 11. Bf4 Bb7 12. e5 dxe5 13. Bxe5 Qd7 14. Qe2 Nc6 15. Rad1 Nxe5 16. Nxe5 Qc7 17. Nd4 e6 18. h4 1-0

[Event "FICGS W-ch st1 g09 email"]
[Site "FICGS email"]
[Date "2015.07.02"]
[Round "1"]
[White "Makosiej, Wladyslaw"]
[Black "Foster, Duncan"]
[Result "0-1"]
[WhiteElo "1583"]
[BlackElo "1559"]
[PlyCount "102"]
[EventDate "2015.??.??"]
[EventType "tourn (corr)"]
[EventRounds "8"]
[SourceTitle "Corr 2022"]
[Source "ChessBase"]
[SourceDate "2021.10.24"]
[SourceVersion "1"]
[SourceVersionDate "2021.10.24"]
[SourceQuality "1"]

1. d4 e6 2. c4 b6 3. e4 Bb7 4. Bd3 g6 5. Nc3 Bg7 6. Be3 d6 7. Qd2 h6 8. Nge2 Ne7 9. 0-0 Nd7 10. Rac1 g5 11. f4 g4 12. d5 e5 13. f5 Nf6 14. b4 a6 15. c5 h5 16. cxb6 cxb6 17. a4 Rc8 18. Nb1 Neg8 19. Na3 Bh6 20. Nc4 b5 21. axb5 axb5 22. Na3 Bxe3+ 23. Qxe3 Ne7 24. Nxb5 Ba6 25. Rxc8 Nxc8 26. Ra1 Bxb5 27. Bxb5+ Ke7 28. Bc6 Nd7 29. Ra8 Rg8 30. Bxd7 Kxd7 31. b5 Qh4 32. Ng3 Qg5 33. Qa3 Qd2 34. Nf1 Qd4+ 35. Kh1 Qxe4 36. Qc3 Qxd5 37. Qa5 Qc4 38. Qa1 Qxb5 39. Ra5 Qd3 40. Ra3 Qxf5 41. Ne3 Qe6 42. Ra8 Rd8 43. Qa4+ Ke7 44. Qe4 d5 45. Qb4+ Kf6 46. Qb7 d4 47. Ra6 Nd6 48. Nd5+ Kg7 49. Qc6 Rc8 50. Nc7 Qf5 51. Ra1 Rb8 0-1

[Event "FICGS W-ch st1 g09 email"]
[Site "FICGS email"]
[Date "2015.07.02"]
[Round "1"]
[White "Makosiej, Wladyslaw"]
[Black "Rodriguez Perez, Rene"]
[Result "1-0"]
[WhiteElo "1583"]
[BlackElo "1915"]
[PlyCount "31"]
[EventDate "2015.??.??"]
[EventType "tourn (corr)"]
[EventRounds "8"]
[SourceTitle "Corr 2022"]
[Source "ChessBase"]
[SourceDate "2021.10.24"]
[SourceVersion "1"]
[SourceVersionDate "2021.10.24"]
[SourceQuality "1"]

1. d4 d5 2. c4 e6 3. Nc3 Nf6 4. cxd5 exd5 5. Bg5 Nbd7 6. e3 c6 7. Qc2 Be7 8. Bd3 0-0 9. Nge2 Re8 10. 0-0 Nf8 11. f3 h6 12. Bh4 a5 13. Rad1 Ne6 14. Bf2 b6 15. e4 dxe4 16. fxe4 1-0

[Event "FICGS W-ch st1 g09 email"]
[Site "FICGS email"]
[Date "2015.07.02"]
[Round "1"]
[White "Makosiej, Wladyslaw"]
[Black "Sherwood, Russell"]
[Result "0-1"]
[WhiteElo "1583"]
[BlackElo "2101"]
[PlyCount "64"]
[EventDate "2015.??.??"]
[EventType "tourn (corr)"]
[EventRounds "8"]
[SourceTitle "Corr 2022"]
[Source "ChessBase"]
[SourceDate "2021.10.24"]
[SourceVersion "1"]
[SourceVersionDate "2021.10.24"]
[SourceQuality "1"]

1. d4 Nf6 2. c4 g6 3. Nc3 d5 4. Nf3 Bg7 5. Qb3 dxc4 6. Qxc4 0-0 7. e4 a6 8. Be2 b5 9. Qb3 c5 10. dxc5 Bb7 11. e5 Nfd7 12. Be3 e6 13. 0-0 Qc7 14. a4 Nxc5 15. Qb4 Nxa4 16. Nxa4 bxa4 17. Rfc1 Qd7 18. Qxa4 Qxa4 19. Rxa4 Bd5 20. Bf4 Nc6 21. b3 a5 22. Bb5 Rfc8 23. Bxc6 Rxc6 24. Rxc6 Bxc6 25. Ra1 Bd5 26. Nd2 h6 27. h3 g5 28. Bg3 Bf8 29. Nc4 Bxc4 30. bxc4 a4 31. f4 a3 32. Ra2 Rb8 0-1

[Event "FICGS class D 000197 email"]
[Site "FICGS email"]
[Date "2013.09.09"]
[Round "1"]
[White "Budnar, Milos"]
[Black "Makosiej, Wladyslaw"]
[Result "0-1"]
[WhiteElo "1406"]
[BlackElo "1445"]
[PlyCount "56"]
[EventDate "2013.??.??"]
[EventType "tourn (corr)"]
[EventRounds "6"]
[SourceTitle "Corr 2022"]
[Source "ChessBase"]
[SourceDate "2021.10.24"]
[SourceVersion "1"]
[SourceVersionDate "2021.10.24"]
[SourceQuality "1"]

1. e4 g6 2. d4 Bg7 3. Nc3 c5 4. dxc5 Bxc3+ 5. bxc3 Qa5 6. Qd4 Nf6 7. Bg5 Nc6 8. Qe3 Nxe4 9. Ne2 Nxg5 10. Qxg5 0-0 11. g3 b6 12. Bg2 Bb7 13. 0-0 Qxc5 14. Qxc5 bxc5 15. Bxc6 Bxc6 16. c4 Rab8 17. a3 Rb2 18. Rfc1 Be4 19. Nc3 Bxc2 20. Nd1 Bxd1 21. Rxd1 d6 22. Rdc1 f5 23. f4 a5 24. Kh1 a4 25. Rc3 Rfb8 26. h4 Rb1+ 27. Rc1 Rxc1+ 28. Rxc1 Rb3 0-1